Score 0/10 Timer 05:00
0 Plays Today
% Correct
The Lord of the Rings: The Return of the King
98.5%
The Hurt Locker
95.4%
Chicago
93.8%
A Beautiful Mind
92.3%
Million Dollar Baby
87.7%
Crash
86.2%
Gladiator
84.6%
The Departed
84.6%
Slumdog Millionaire
83.1%
No Country for Old Men
80%
Remove Ads.
Support Sporcle.
Get the best of Sporcle when you Go Orange. This ad-free experience offers more features, more stats, and more fun while also helping to support Sporcle. Thank you for becoming a member.

You're not logged in!

Compare scores with friends on all Sporcle quizzes.
OR
Log In

Sporcle TV

Today on Sporcle TV


Watch our educational content, quiz creation guides, and fun videos on Sporcle TV.

Show Comments

Extras

Top Quizzes Today


Score Distribution

Paid Content

Your Account Isn't Verified!

In order to create a playlist on Sporcle, you need to verify the email address you used during registration. Go to your Sporcle Settings to finish the process.

Report this User

Report this user for behavior that violates our Community Guidelines.

Details: